Представление документа в формате RUSMARC

ПолеНазваниеЗначение
  Тип записи a
  Библиографический уровень m
001 Контрольный номер RU/SLIB/B/208710297
005 Дата корректировки 20201206203907.4
010 Индекс ISBN __
d Цена 21-00
101 Язык документа __
a Язык текста rus
200 Заглавие и сведения об ответственности 0_
a Заглавие Александр I
b Общее обозначение материала Текст
210 Выходные данные __
a Место издания М.
c Издательство Наука
d Дата издания 1998
215 Физическое описание __
a Объем 287c.
600 Персоналии __
a Персоналии (Фамилия) Александр
606 Тематические рубрики __
a Основная рубрика История
606 Тематические рубрики __
a Основная рубрика Россия в XVIII в. - 1917 г.
606 Тематические рубрики __
y Географическая подрубрика Россия
610 Ключевые слова __
a Ключевые слова биографии
686 Индексы других классификаций __
2 Код системы rubbks
a Классификационный индекс 63.3(2)521.1-8
700 Автор _1
a Фамилия Сахаров
b Имя А. Н.
4 Код отношения 070
801 Источник записи _0
a Страна RU
b Организация Муниципальное бюджетное учреждение культуры "Централизованная библиотечная система" г. Сургут (Центральная городская библиотека им. А. С. Пушкина)
g Правила каталогизации ОБ/Показаньева
801 Источник записи _1
a Страна RU
b Организация Муниципальное бюджетное учреждение культуры "Централизованная библиотечная система" г. Сургут (Центральная городская библиотека им. А. С. Пушкина)
g Правила каталогизации ОБ/Показаньева
852 Данные о местонахождении __
j Шифр хранения 63.3(2)521.1-8
c Каталожный индекс 63.3(2)521-8
i Авторский знак С 22
p Инвентарный номер 69196
901 Тип документа __
t Тип документа m
903 Характеристики (МАРС) __
a Дата передачи 19980831
990 Данные о заказе (DOS) 00
j Количество экземпляров (DOS) 2